Zoo nose and Communicable diseases common to Man and Animals cihamydioses rickttisiosses and viroses II (Record no. 6304)

MARC details
000 -LEADER
fixed length control field 00474nam a22001697a 4500
005 - DATE AND TIME OF LATEST TRANSACTION
control field 20200520103805.0
008 - FIXED-LENGTH DATA ELEMENTS--GENERAL INFORMATION
fixed length control field 200520b xxu||||| |||| 00| 0 eng d
020 ## - INTERNATIONAL STANDARD BOOK NUMBER
ISBN 8174733108
041 ## - LANGUAGE CODE
Language code of text/sound track or separate title eng
082 ## - DEWEY DECIMAL CLASSIFICATION NUMBER
Classification number 616.9 WHO
100 ## - MAIN ENTRY--AUTHOR NAME
Personal name WHO
245 ## - TITLE STATEMENT
Title Zoo nose and Communicable diseases common to Man and Animals cihamydioses rickttisiosses and viroses II
260 ## - PUBLICATION, DISTRIBUTION, ETC. (IMPRINT)
Place of publication Delhi
Name of publisher AITBS Publishers
Year of publication 2006
300 ## - PHYSICAL DESCRIPTION
Number of Pages 157,xv
650 ## - SUBJECT ADDED ENTRY--TOPICAL TERM
Topical Term Pharmacy
942 ## - ADDED ENTRY ELEMENTS (KOHA)
Koha item type Books
Holdings
Lost status Damaged status Collection code Home library Current library Shelving location Date acquired Source of acquisition Cost, normal purchase price Full call number Accession Number Koha item type
    PHARMACY JRU Library JRU Library SHELF-18-F 01/06/2020 PURCHASE 250.00 616.9 WHO 24097 Books